| 000 | 00410nam a2200145Ia 4500 | ||
|---|---|---|---|
| 008 | 220216s9999 xx 000 0 und d | ||
| 100 | _aFernando D M | ||
| 245 | 0 | _aSome features of the growth and yields of RRIC 100 | |
| 260 |
_bRubber Research Institute of Ceylon Quarterly Journal _c1970 |
||
| 300 | _a78-87 | ||
| 650 | _aNatural rubber | ||
| 650 | _aRRIC 100 | ||
| 700 | _aWijesinghe W A C | ||
| 942 | _cJS | ||
| 999 |
_c68974 _d68974 |
||